00701nam a22001937a 450000500170000001000150001702000110003203500140004303700130005708200160007024500740008626000350016027000710019530000190026670000370028594200300032299900190035295201360037120230921120059.0 aENG-138215 c700.00 aEN-121747 bDBAD/PUB a616.0759028 aPost Mortem Techniques And Diagnostic Procedures/cBinay Kumar Sinha aBiharbMRS. Pushpa Sinhac2011 a210/5,Vishal Residency ,Raja Bazaar Opp.Petrol PumpbPatnae800014 a614c25cm(pbk) aVolga Kalpana Kannabiran 956902 2ddccENh616.0759028mSIN c198502d198502 001040708NFICaZLSbZLSd2023-09-21eDBADg700.00l0o616.0759028 SINpEN-121747r2023-09-21 00:00:00t1v700.00w2023-09-21yEN